|
|
|
|
| LEADER |
01165nam a2200265 a 4500 |
| 001 |
3560078 |
| 008 |
090507s1999 nyua b 001 0 eng d |
| 010 |
|
|
|a 98017816
|
| 020 |
|
|
|a 0471192465 (acid-free paper)
|
| 040 |
|
|
|a DLC
|c DLC
|d DLC
|d DB-DhAAL
|
| 082 |
0 |
0 |
|a 621.319/24
|2 21
|
| 100 |
1 |
|
|a Dorf, Richard C.
|
| 245 |
1 |
0 |
|a Introduction to electric circuits /
|c Richard C. Dorf, James A. Svoboda.
|
| 246 |
3 |
0 |
|a Electric circuits
|
| 250 |
|
|
|a 4th ed.
|
| 260 |
|
|
|a New York :
|b John Wiley,
|c 1999
|
| 300 |
|
|
|a xxiii, 914 p. :
|b ill. (some col.) ;
|c 27 cm. +
|e 1 computer laser optical disc (4 3/4 in.)
|
| 504 |
|
|
|a Includes bibliographical references (p. 905-907) and index.
|
| 541 |
1 |
|
|e 00009743
|
| 650 |
|
0 |
|a Electric circuits.
|
| 700 |
1 |
|
|a Svoboda, James A.
|
| 852 |
4 |
|
|a Ayesha Abed Library
|j General Shelf.
|
| 999 |
|
|
|c 8888
|d 8888
|
| 952 |
|
|
|0 0
|1 0
|2 ddc
|4 0
|6 621_319240000000000_DOR_1999
|7 0
|9 10862
|a BRACUL
|b BRACUL
|c GEN
|d 2010-06-10
|l 16
|m 80
|o 621.31924 DOR
|p 3010009743
|r 2024-12-29
|s 2024-12-05
|t 1
|w 2010-06-10
|y BK
|
| 952 |
|
|
|0 0
|1 0
|2 ddc
|4 0
|6 621_319240000000000_DOR_1999
|7 0
|9 11658
|a BRACUL
|b BRACUL
|c AV
|d 2010-08-22
|l 0
|o 621.31924 DOR
|p 4010009743
|r 2010-08-22
|t 1
|w 2010-08-22
|y AV
|